Split Screen: US States Quiz Stats

 Plays Quiz Updated Jul 4, 2018

Also try: States per Letter
Challenge
Share
Tweet
Score 0/25 Timer 12:00
0 Plays Today
% Correct
Alaska -- Michigan
96.9%
Texas -- Minnesota
88%
New Mexico -- Utah
80.1%
Washington -- Arkansas
77.3%
Maine -- Louisiana
76.6%
South Carolina -- Ohio
75.9%
New Jersey -- Wisconsin
71.3%
Montana -- Wyoming
65.6%
Florida -- Oklahoma
62.1%
Idaho -- Delaware
61.8%
Virginia -- West Virginia
61.3%
Illinois -- Iowa
60.7%
North Carolina -- Massachusetts
60.5%
% Correct
Arizona -- Georgia
59.4%
New Hampshire -- Vermont
56.1%
Alabama -- Oregon
52.4%
Nebraska -- South Dakota
50.5%
Indiana -- Maryland
48.6%
New York -- Connecticut
47.8%
Colorado -- Kansas
42.7%
Rhode Island -- Tennessee
42.7%
Missouri -- Nevada
40.4%
Pennsylvania -- North Dakota
40.2%
Kentucky -- California
38.8%
Mississippi -- Hawaii
30.5%

You're not logged in!

Compare scores with friends on all Sporcle quizzes.
Join for Free
OR
Log In

You Might Also Like...

Show Comments

Extras

Top Quizzes Today


Score Distribution

Your Account Isn't Verified!

In order to create a playlist on Sporcle, you need to verify the email address you used during registration. Go to your Sporcle Settings to finish the process.

Report this User

Report this user for behavior that violates our Community Guidelines.

Details: